| 000 | 00453nmm a2200157Ia 4500 | ||
|---|---|---|---|
| 008 | 251105s9999||||xx |||||||||||||||||und|| | ||
| 020 | _a9789562605496 | ||
| 041 | _aspa | ||
| 100 | _aPrieto Iglesias, Alfredo | ||
| 245 | 0 | _aArquería de Tierra del Fuego | |
| 264 |
_a[Santiago de Chile, Chile] : _bCuarto Propio, _c2011 |
||
| 300 | _a108 páginas | ||
| 650 | _aAnthropology | ||
| 856 | _uhttps://public.digitaliapublishing.com/a/38287 | ||
| 942 | _cCF | ||
| 999 |
_c94248 _d94248 |
||